000 00696nam a2200229 u 4500
005 20221115063526.0
008 121121s2011 r 000 0 eng d
020 _a9786071606563
035 _aUPN01000188810
049 _aI
050 4 _aPZ76.3
_bA7.72
100 1 _aArciniegas, Triunfo,
_d1957-
_932433
245 1 3 _aEl rabo de Paco /
_cTriunfo Arciniegas ; il. Óscar Soacha.
260 _aMéxico :
_bFCE,
_c2011.
300 _a[32] p. :
_bprincipalmente il. col.
440 4 _aLos primerísimos
650 7 _aAnimales
_vLiteratura infantil
_2
_91061
650 4 _aLITERATURA INFANTIL COLOMBIANA
_911063
700 1 _aSoacha, Óscar,
_eil.
905 _aInfantil
999 _c160913
_d160913